| 000 | 00957cam a2200193Ia 4500 | ||
|---|---|---|---|
| 020 | _a0949511242 | ||
| 040 | _cSDB | ||
| 082 | 0 | 0 | _a633 AUS 1986 A039 Or. |
| 245 | 0 | 0 |
_aPreserving grain quality by aeration and in-store drying : _bproceedings of an international seminar held at Kuala Lumpur, Malaysia, 9-11 October 1985 / |
| 260 |
_aCanberra : _bAustralian Centre for International Agricultural Research, _c1986 |
||
| 300 |
_a250 p. : _bill. ; _c24 cm |
||
| 500 | _a"Sponsored by: Group for Assistance on Systems relating to Grain After-harvest (GASGA), Australian Centre for International Agricultural Research (ACIAR), National Paddy and Rice Authority, Malaysia (LPN), Malaysian Agricultural Research and Development Institute (MARDI), ASEAN Food Handling Bureau (AFHB)." | ||
| 650 | 0 | _aGrain | |
| 650 | 0 | _aGrain | |
| 650 | 0 | _aGrain | |
| 650 | 0 | _aGrain aeration | |
| 710 | 2 | _aAustralian Centre for International Agricultural Research | |
| 942 | _cEK | ||
| 999 |
_c12016 _d12016 |
||